[Event "Titled Tuesday intern op 02nd Apr Late"]
[Site "Chess.com INT"]
[Date "2024.04.02"]
[Round "9"]
[White "Munoz, Francisco Javier"]
[Black "Zierk, Steven C"]
[Result "0-1"]
[WhiteElo "2389"]
[BlackElo "2487"]
[PlyCount "96"]
[EventDate "2024.04.02"]
[EventType "swiss (blitz)"]
[EventRounds "11"]
[EventCountry "USA"]
[SourceTitle "CB15_2024"]
[SourceDate "2024.04.10"]
[SourceVersion "1"]
[SourceVersionDate "2024.04.10"]
[SourceQuality "1"]

1. e4 c5 2. Nc3 Nc6 3. Bb5 Nd4 4. Bd3 g6 5. Nf3 Bg7 6. b3 Nf6 7. Bb2 d6 8. Nxd4 cxd4 9. Ne2 e5 10. c3 dxc3 11. dxc3 0-0 12. c4 Be6 13. 0-0 Nd7 14. Bc2 Nc5 15. Qd2 Qc7 16. Rac1 f5 17. exf5 gxf5 18. Nc3 e4 19. Nd5 Qf7 20. Bxg7 Qxg7 21. f4 Kh8 22. Kh1 a5 23. Ne3 Rfd8 24. Rcd1 b6 25. h3 Ra7 26. g4 fxg4 27. hxg4 Bxg4 28. Nxg4 Qxg4 29. Rg1 Qf3+ 30. Qg2 Qxf4 31. Qh3 Qf3+ 32. Qxf3 exf3 33. Rg3 Rf7 34. Rf1 f2 35. Kg2 Rdf8 36. Rg4 Ne6 37. Be4 Nf4+ 38. Kg3 Nh5+ 39. Kg2 Nf6 40. Rh4 Rg8+ 41. Kh2 Ng4+ 42. Kh3 Nf6 43. Rxf2 Nxe4 44. Rxf7 Ng5+ 45. Kg4 Nxf7+ 46. Kf5 Rg6 47. Re4 Nh6+ 48. Kf4 Rg4+ 0-1

[Event "Titled Tuesday intern op 02nd Apr Late"]
[Site "Chess.com INT"]
[Date "2024.04.02"]
[Round "6"]
[White "Sadovsky, Artem"]
[Black "Zierk, Steven C"]
[Result "0-1"]
[WhiteElo "2276"]
[BlackElo "2487"]
[PlyCount "104"]
[EventDate "2024.04.02"]
[EventType "swiss (blitz)"]
[EventRounds "11"]
[EventCountry "USA"]
[SourceTitle "CB15_2024"]
[SourceDate "2024.04.10"]
[SourceVersion "1"]
[SourceVersionDate "2024.04.10"]
[SourceQuality "1"]

1. Nf3 d5 2. e3 Nf6 3. c4 e6 4. b3 Be7 5. Bb2 0-0 6. Be2 a5 7. 0-0 Nbd7 8. d3 b6 9. Qc2 Bb7 10. Nbd2 a4 11. cxd5 exd5 12. Nd4 a3 13. Bc3 Re8 14. Rac1 c5 15. Nf5 Bf8 16. Bf3 Ne5 17. Bxe5 Rxe5 18. d4 Re8 19. dxc5 bxc5 20. Rfd1 Qb6 21. Nb1 Red8 22. Nc3 g6 23. Ng3 h5 24. Nge2 Bg7 25. Na4 Qd6 26. Qxc5 Qxc5 27. Nxc5 Bc8 28. Nd4 Bg4 29. Bxg4 hxg4 30. b4 Ne4 31. Nxe4 dxe4 32. Nc6 Rd3 33. b5 Bb2 34. Rb1 Rc3 35. Rd6 Ra4 36. Rd4 Rxd4 37. exd4 Kf8 38. d5 Rc5 39. d6 Ke8 40. Rd1 Kd7 41. Nb8+ Kd8 42. d7 Bf6 43. Nc6+ Kc7 44. d8Q+ Bxd8 45. Nxd8 Rc2 46. Nxf7 Rxa2 47. Ne5 Rc2 48. b6+ Kxb6 49. Rb1+ Kc5 50. Nxg4 a2 51. Rd1 Rb2 52. Rc1+ Kb5 0-1

[Event "Titled Tuesday intern op 02nd Apr Early"]
[Site "Chess.com INT"]
[Date "2024.04.02"]
[Round "8"]
[White "Taichman, Ori"]
[Black "Zierk, Steven C"]
[Result "0-1"]
[WhiteElo "2329"]
[BlackElo "2487"]
[PlyCount "136"]
[EventDate "2024.04.02"]
[EventType "swiss (blitz)"]
[EventRounds "11"]
[EventCountry "USA"]
[SourceTitle "CB15_2024"]
[SourceDate "2024.04.10"]
[SourceVersion "1"]
[SourceVersionDate "2024.04.10"]
[SourceQuality "1"]

1. e4 c5 2. Nf3 d6 3. d4 cxd4 4. Nxd4 Nf6 5. Nc3 Nc6 6. Bg5 e6 7. Qd2 a6 8. 0-0-0 Bd7 9. f4 Be7 10. Kb1 b5 11. Nxc6 Bxc6 12. Bd3 b4 13. Ne2 Nxe4 14. Bxe4 Bxe4 15. Bxe7 Qxe7 16. Qxb4 d5 17. Qa4+ Qd7 18. Qxd7+ Kxd7 19. Nc3 Bf5 20. Rd2 Rac8 21. Re1 Rc5 22. Ne2 Ke7 23. Nd4 Be4 24. g3 h5 25. Ka1 h4 26. g4 f6 27. c3 h3 28. Re3 Rh4 29. Rg3 g6 30. b4 Rc4 31. Kb2 e5 32. Ne2 Ke6 33. a4 Bg2 34. fxe5 fxe5 35. b5 Rxa4 36. bxa6 Rxa6 37. c4 d4 38. Nxd4+ exd4 39. Rxd4 Rh8 40. Re3+ Kf6 41. g5+ Kxg5 42. Rg3+ Kf6 43. Rf4+ Ke5 44. Rfg4 Rb8+ 45. Kc3 Ra3+ 46. Kd2 Rxg3 47. Rxg3 Be4 48. c5 Kd4 49. c6 Rb2+ 50. Kc1 Rc2+ 51. Kd1 Rxc6 52. Rxh3 Ra6 53. Ke1 Ra2 54. Kd1 Bd3 55. Ke1 Re2+ 56. Kd1 Kc3 57. Rg3 Rxh2 58. Ke1 Re2+ 59. Kd1 Rf2 60. Rg1 Rf1+ 61. Rxf1 Bxf1 62. Ke1 Bd3 63. Kf2 Kd4 64. Kg3 Bf5 65. Kf4 Kd5 66. Kg5 Ke5 67. Kh4 Kf6 68. Kg3 g5 0-1

[Event "North American op 33rd"]
[Site "Las Vegas"]
[Date "2023.12.29"]
[Round "8"]
[White "Zierk, Steven C"]
[Black "Koustav, Chatterjee"]
[Result "0-1"]
[WhiteElo "2475"]
[BlackElo "2546"]
[PlyCount "84"]
[EventDate "2023.12.26"]
[EventType "swiss"]
[EventRounds "9"]
[EventCountry "USA"]
[SourceTitle "CB01_2024"]
[SourceDate "2024.01.03"]
[SourceVersion "1"]
[SourceVersionDate "2024.01.03"]
[SourceQuality "1"]

1. Nf3 d5 2. g3 Nd7 3. Bg2 e5 4. d3 Ngf6 5. 0-0 Bd6 6. c4 c6 7. cxd5 cxd5 8. Nc3 0-0 9. Nd2 Nb6 10. a4 Be6 11. d4 e4 12. a5 Nbd7 13. f3 exf3 14. exf3 Re8 15. Re1 a6 16. Nf1 Nb8 17. Bg5 Nc6 18. f4 h6 19. Bh4 Be7 20. Ne3 Qd7 21. Na4 Qd6 22. f5 Bd7 23. Nc5 Qc7 24. Bxd5 Rad8 25. Rc1 Bc8 26. Bxf6 Bxf6 27. Ne4 Qe7 28. Kg2 Bxd4 29. Rxc6 bxc6 30. Qxd4 cxd5 31. Nxd5 Qb7 32. Nef6+ gxf6 33. Rxe8+ Rxe8 34. Kf2 Bxf5 35. Nxf6+ Kf8 36. Nd5 Kg8 37. Nf6+ Kf8 38. Nd5 f6 39. Nxf6 Rb8 40. Qc5+ Kf7 41. Qxf5 Qxb2+ 42. Kg1 Qb1+ 0-1

[Event "North American op 33rd"]
[Site "Las Vegas"]
[Date "2023.12.29"]
[Round "7"]
[White "Zierk, Steven C"]
[Black "Liang, Jason"]
[Result "1-0"]
[WhiteElo "2475"]
[BlackElo "2446"]
[PlyCount "135"]
[EventDate "2023.12.26"]
[EventType "swiss"]
[EventRounds "9"]
[EventCountry "USA"]
[SourceTitle "CB01_2024"]
[SourceDate "2024.01.03"]
[SourceVersion "1"]
[SourceVersionDate "2024.01.03"]
[SourceQuality "1"]

1. e4 c6 2. d4 d5 3. e5 Bf5 4. c4 e6 5. Nc3 Ne7 6. a3 dxc4 7. Bxc4 Nd7 8. Nge2 b5 9. Bb3 a5 10. Ng3 Bg6 11. 0-0 h5 12. Nce4 Bxe4 13. Nxe4 Nf5 14. Ng3 g6 15. Nxf5 gxf5 16. a4 Nb6 17. Qf3 Nd5 18. Bd2 b4 19. Rac1 Ra6 20. Rc2 Be7 21. Rfc1 Qd7 22. Qg3 Bf8 23. Bg5 Rg8 24. h4 Be7 25. f4 Bxg5 26. fxg5 Ne7 27. Qf2 Ra7 28. Rc5 Kf8 29. Bd1 Rh8 30. Bf3 Ra6 31. Kh2 Kg7 32. R1c4 Kg6 33. b3 Kg7 34. g3 Kg6 35. Qe2 Qa7 36. Kg2 Rb6 37. Kf2 Ra6 38. Ke3 Qa8 39. Rc1 Kg7 40. Qc2 Rd8 41. Qc4 Qa7 42. Bxh5 Nd5+ 43. Kf2 Nb6 44. Qd3 Nd7 45. Qe3 Nxc5 46. Rxc5 Rd5 47. Be2 Rb6 48. Rc4 Rd8 49. g4 Rb7 50. gxf5 exf5 51. h5 Rbd7 52. e6 Rd5 53. Bf3 f4 54. Qxf4 Rxd4 55. Qf6+ Kh7 56. Rxd4 Rxd4 57. Ke2 Qc5 58. Qxf7+ Kh8 59. Qe8+ Kh7 60. Qf7+ Kh8 61. Qe8+ Kh7 62. Qg6+ Kh8 63. Be4 Qe7 64. Qf5 Rd6 65. Qe5+ Kg8 66. h6 Rxe6 67. h7+ Kf7 68. g6+ 1-0

[Event "North American op 33rd"]
[Site "Las Vegas"]
[Date "2023.12.27"]
[Round "3"]
[White "Zierk, Steven C"]
[Black "Tang, Dylan"]
[Result "1-0"]
[WhiteElo "2475"]
[BlackElo "2261"]
[PlyCount "63"]
[EventDate "2023.12.26"]
[EventType "swiss"]
[EventRounds "9"]
[EventCountry "USA"]
[SourceTitle "CB01_2024"]
[SourceDate "2024.01.03"]
[SourceVersion "1"]
[SourceVersionDate "2024.01.03"]
[SourceQuality "1"]

1. Nf3 Nf6 2. g3 d5 3. Bg2 e6 4. 0-0 Be7 5. c4 0-0 6. b3 c5 7. cxd5 exd5 8. d4 b6 9. Bb2 Nc6 10. Nc3 Be6 11. dxc5 bxc5 12. Ng5 Qd7 13. Nxe6 fxe6 14. Rc1 Rac8 15. Na4 Nb4 16. a3 Na6 17. e4 Rfd8 18. exd5 exd5 19. Re1 Bf8 20. Bxf6 gxf6 21. Qh5 Qf7 22. Qf5 Rc6 23. b4 Nc7 24. Nxc5 Bxc5 25. bxc5 Qg6 26. Qf4 Ne6 27. Qa4 Qe8 28. Rcd1 Rxc5 29. Qxe8+ Rxe8 30. Bxd5 Kf7 31. Bb3 Re5 32. f4 1-0

[Event "Titled Tuesday intern op 12th Sep Late"]
[Site "Chess.com INT"]
[Date "2023.09.12"]
[Round "11"]
[White "Carlsen, Magnus"]
[Black "Zierk, Steven C"]
[Result "1-0"]
[WhiteElo "2839"]
[BlackElo "2488"]
[PlyCount "103"]
[EventDate "2023.09.12"]
[EventType "swiss (blitz)"]
[EventRounds "11"]
[EventCountry "USA"]
[SourceTitle "EXT 2024"]
[Source "ChessBase"]
[SourceDate "2023.10.10"]
[SourceVersion "1"]
[SourceVersionDate "2023.10.10"]
[SourceQuality "1"]

1. e4 e6 2. d4 d5 3. exd5 exd5 4. Nf3 Nc6 5. Bb5 Bd6 6. 0-0 Bg4 7. c4 dxc4 8. Bxc4 Nf6 9. Re1+ Ne7 10. Qb3 0-0 11. Ne5 Bh5 12. Nc3 Nc6 13. Nxc6 bxc6 14. Qa4 Bxh2+ 15. Kxh2 Ng4+ 16. Kg3 Qd6+ 17. Bf4 Qg6 18. Bf1 Rab8 19. Rab1 Rb6 20. f3 c5 21. dxc5 Rf6 22. Qe4 Rf5 23. fxg4 Qxg4+ 24. Kh2 Rxf4 25. Qe3 Qh4+ 26. Kg1 Qg5 27. Be2 Bg6 28. Nd5 Qxd5 29. Qxf4 Bxb1 30. Rxb1 Qxc5+ 31. Qf2 Qc2 32. Re1 Qxb2 33. Bc4 Qb6 34. Bxf7+ Kh8 35. Qxb6 cxb6 36. Re7 g6 37. Rxa7 Rd8 38. Rb7 Rd6 39. Bb3 h5 40. Kf2 g5 41. Kf3 Rf6+ 42. Ke4 g4 43. Ke5 Rc6 44. Bd5 Rh6 45. Kf4 Rd6 46. Be4 Rd2 47. Rh7+ Kg8 48. Rxh5 Kg7 49. Rb5 Rxa2 50. Rxb6 Ra4 51. Rg6+ Kf7 52. Rxg4 1-0

[Event "Titled Tuesday intern op 12th Sep Late"]
[Site "Chess.com INT"]
[Date "2023.09.12"]
[Round "5"]
[White "Firouzja, Alireza"]
[Black "Zierk, Steven C"]
[Result "1/2-1/2"]
[WhiteElo "2777"]
[BlackElo "2488"]
[PlyCount "86"]
[EventDate "2023.09.12"]
[EventType "swiss (blitz)"]
[EventRounds "11"]
[EventCountry "USA"]
[SourceTitle "EXT 2024"]
[Source "ChessBase"]
[SourceDate "2023.10.10"]
[SourceVersion "1"]
[SourceVersionDate "2023.10.10"]
[SourceQuality "1"]

1. d4 d5 2. c4 dxc4 3. Nf3 Nf6 4. e3 e6 5. Bxc4 c5 6. 0-0 a6 7. Re1 b5 8. Bf1 Bb7 9. a4 b4 10. Nbd2 Nbd7 11. e4 cxd4 12. e5 Nd5 13. Ne4 h6 14. Nxd4 Nc5 15. Ng3 Be7 16. Bd2 Rc8 17. Rc1 Bg5 18. Bxg5 Qxg5 19. Rxc5 Rxc5 20. Ne4 Qe7 21. Nxc5 Qxc5 22. Nb3 Qc7 23. Qc1 Qxc1 24. Rxc1 Ke7 25. Na5 Rc8 26. Rxc8 Bxc8 27. Bc4 Nb6 28. b3 Nxc4 29. Nxc4 Bb7 30. Nb6 Kd8 31. f3 Kc7 32. a5 Kc6 33. Kf2 Kc5 34. Ke3 Bd5 35. Nxd5 Kxd5 36. f4 h5 37. g3 f6 38. exf6 gxf6 39. h3 f5 40. Kd3 Kc5 41. Ke3 Kd5 42. Kd3 Kc5 43. Ke3 Kd5 1/2-1/2

[Event "Titled Tuesday intern op 12th Sep Early"]
[Site "Chess.com INT"]
[Date "2023.09.12"]
[Round "7"]
[White "Janaszak, Dawid"]
[Black "Zierk, Steven C"]
[Result "0-1"]
[WhiteElo "2302"]
[BlackElo "2488"]
[PlyCount "52"]
[EventDate "2023.09.12"]
[EventType "swiss (blitz)"]
[EventRounds "11"]
[EventCountry "USA"]
[SourceTitle "EXT 2024"]
[Source "ChessBase"]
[SourceDate "2023.10.10"]
[SourceVersion "1"]
[SourceVersionDate "2023.10.10"]
[SourceQuality "1"]

1. e4 e6 2. d4 d5 3. Bd3 dxe4 4. Bxe4 Nf6 5. Bf3 c5 6. Ne2 Nc6 7. Be3 cxd4 8. Nxd4 Ne5 9. Nc3 Be7 10. Qe2 Nxf3+ 11. gxf3 Qa5 12. Rg1 Bb4 13. Bd2 Qb6 14. Qc4 Bd7 15. 0-0-0 Rc8 16. Qd3 Bxc3 17. Bxc3 Nd5 18. Nf5 Rxc3 19. bxc3 Qc5 20. Nxg7+ Kd8 21. c4 Nb6 22. Qd4 Qa3+ 23. Kb1 Kc8 24. c5 Nd5 25. Rd3 Qb4+ 26. Rb3 Qxd4 0-1

[Event "Titled Tuesday intern op 12th Sep Late"]
[Site "Chess.com INT"]
[Date "2023.09.12"]
[Round "7"]
[White "Naroditsky, Daniel"]
[Black "Zierk, Steven C"]
[Result "1/2-1/2"]
[WhiteElo "2619"]
[BlackElo "2488"]
[PlyCount "111"]
[EventDate "2023.09.12"]
[EventType "swiss (blitz)"]
[EventRounds "11"]
[EventCountry "USA"]
[SourceTitle "EXT 2024"]
[Source "ChessBase"]
[SourceDate "2023.10.10"]
[SourceVersion "1"]
[SourceVersionDate "2023.10.10"]
[SourceQuality "1"]

1. d4 d5 2. Nc3 Nf6 3. Bf4 c5 4. e4 Nxe4 5. Nxe4 dxe4 6. dxc5 Qa5+ 7. c3 Qxc5 8. Qa4+ Nc6 9. Qxe4 g6 10. Nf3 Bf5 11. Qe3 Qxe3+ 12. Bxe3 Bg7 13. Be2 0-0-0 14. 0-0 Bd3 15. Bxd3 Rxd3 16. Rad1 Rxd1 17. Rxd1 h5 18. Kf1 Rd8 19. Rxd8+ Kxd8 20. Ke2 b5 21. Kd3 Kd7 22. b4 a5 23. a3 Kd6 24. Bc5+ Kd5 25. a4 axb4 26. axb5 Kxc5 27. bxc6 Kxc6 28. cxb4 Kb5 29. Ng5 f5 30. Ne6 Bf6 31. Nf4 Kxb4 32. Nxg6 e5 33. f3 Kc5 34. g4 e4+ 35. fxe4 fxg4 36. e5 Bg5 37. Ke4 h4 38. Nf4 Kc6 39. Kf5 Bxf4 40. Kxf4 g3 41. hxg3 h3 42. Kf3 Kd5 43. g4 Kxe5 44. Kg3 Kf6 45. Kxh3 Kg5 46. Kg3 Kg6 47. Kh4 Kh6 48. g5+ Kg6 49. Kg4 Kg7 50. Kh5 Kh7 51. g6+ Kg7 52. Kg5 Kg8 53. Kf5 Kg7 54. Kg5 Kg8 55. Kh5 Kg7 56. Kg5 1/2-1/2

[Event "Titled Tuesday intern op 12th Sep Late"]
[Site "Chess.com INT"]
[Date "2023.09.12"]
[Round "10"]
[White "Svane, Rasmus"]
[Black "Zierk, Steven C"]
[Result "0-1"]
[WhiteElo "2641"]
[BlackElo "2488"]
[PlyCount "68"]
[EventDate "2023.09.12"]
[EventType "swiss (blitz)"]
[EventRounds "11"]
[EventCountry "USA"]
[SourceTitle "EXT 2024"]
[Source "ChessBase"]
[SourceDate "2023.10.10"]
[SourceVersion "1"]
[SourceVersionDate "2023.10.10"]
[SourceQuality "1"]

1. Nf3 d5 2. g3 Nf6 3. Bg2 c6 4. 0-0 Bg4 5. h3 Bh5 6. d4 Nbd7 7. c4 e6 8. cxd5 exd5 9. Ne5 Bd6 10. f4 h6 11. g4 Bg6 12. Nxg6 fxg6 13. Qd3 Kf7 14. g5 Nh5 15. f5 Rf8 16. gxh6 Qh4 17. hxg7 Kxg7 18. Bd2 Ng3 19. Be1 Qg5 20. Bxg3 Bxg3 21. Nd2 Rae8 22. Kh1 Re3 23. Nf3 Qe7 24. Qd1 Rxf5 25. Ng1 Bc7 26. Rxf5 gxf5 27. Nf3 Nf6 28. Qg1 Nh5 29. Ne5 Ng3+ 30. Kh2 Bxe5 31. dxe5 Qxe5 32. Bf3 f4 33. Kg2 Nxe2 34. Qf2 Nd4 0-1

[Event "Titled Tuesday intern op 12th Sep Late"]
[Site "Chess.com INT"]
[Date "2023.09.12"]
[Round "8"]
[White "Zierk, Steven C"]
[Black "Aronian, Levon"]
[Result "1-0"]
[WhiteElo "2488"]
[BlackElo "2742"]
[PlyCount "121"]
[EventDate "2023.09.12"]
[EventType "swiss (blitz)"]
[EventRounds "11"]
[EventCountry "USA"]
[SourceTitle "EXT 2024"]
[Source "ChessBase"]
[SourceDate "2023.10.10"]
[SourceVersion "1"]
[SourceVersionDate "2023.10.10"]
[SourceQuality "1"]

1. e4 c5 2. Nf3 e6 3. d4 cxd4 4. Nxd4 Nc6 5. Nc3 Qc7 6. Be3 a6 7. Qd2 Nf6 8. f3 b5 9. 0-0-0 Bb7 10. g4 h6 11. Kb1 Ne5 12. Bf4 Rc8 13. h4 Nc4 14. Bxc4 Qxc4 15. g5 hxg5 16. hxg5 Rxh1 17. Rxh1 Ng8 18. Rh8 Ne7 19. Bd6 Qf1+ 20. Qc1 Qf2 21. Qd1 Rc4 22. Nb3 b4 23. Na4 Bxe4 24. fxe4 Rxe4 25. Rh1 Rh4 26. Rf1 Qg2 27. Nac5 Nd5 28. Bxf8 Kxf8 29. Nxd7+ Kg8 30. Rg1 Qf2 31. g6 fxg6 32. Qe1 Qxe1+ 33. Rxe1 g5 34. Rg1 g4 35. Ne5 Nf6 36. Kc1 Rh5 37. Nxg4 Nd5 38. Nf2 Kf7 39. Nd4 e5 40. Nf3 Rf5 41. Ne4 Kg8 42. Nfg5 Nf6 43. Rd1 Nxe4 44. Rd8+ Rf8 45. Rxf8+ Kxf8 46. Nxe4 Ke7 47. Kd2 Ke6 48. Ke3 Kd5 49. Ng3 g6 50. Ne2 g5 51. Ng3 g4 52. Nf5 a5 53. b3 a4 54. bxa4 Kc5 55. Ke4 Kb6 56. Ne3 Ka5 57. Nxg4 Kxa4 58. Nxe5 Ka3 59. Nd3 Kxa2 60. Nxb4+ Ka3 61. Nd3 1-0

[Event "Titled Tuesday intern op 12th Sep Late"]
[Site "Chess.com INT"]
[Date "2023.09.12"]
[Round "9"]
[White "Zierk, Steven C"]
[Black "Bortnyk, Olexandr"]
[Result "1-0"]
[WhiteElo "2488"]
[BlackElo "2608"]
[PlyCount "75"]
[EventDate "2023.09.12"]
[EventType "swiss (blitz)"]
[EventRounds "11"]
[EventCountry "USA"]
[SourceTitle "EXT 2024"]
[Source "ChessBase"]
[SourceDate "2023.10.10"]
[SourceVersion "1"]
[SourceVersionDate "2023.10.10"]
[SourceQuality "1"]

1. e4 Nf6 2. e5 Nd5 3. d4 d6 4. Nf3 dxe5 5. Nxe5 c6 6. Be2 Bf5 7. 0-0 Nd7 8. Nf3 e6 9. c4 N5f6 10. Nc3 Bd6 11. Nh4 Bg6 12. Nxg6 hxg6 13. g3 0-0 14. Bf3 e5 15. d5 Qc7 16. dxc6 bxc6 17. Qa4 Rac8 18. b4 a5 19. c5 Be7 20. a3 Rfe8 21. Re1 e4 22. Nxe4 Nxe4 23. Bxe4 Bf6 24. Bf4 Be5 25. Bxe5 Rxe5 26. Bg2 axb4 27. axb4 g5 28. Red1 Re2 29. Rd6 Ne5 30. Qd1 Rb2 31. Qd4 Re2 32. Kf1 Qe7 33. Kxe2 Nf3+ 34. Kxf3 g4+ 35. Qxg4 Re8 36. Bf1 Qe5 37. Rad1 g5 38. Kg2 1-0

[Event "Titled Tuesday intern op 12th Sep Early"]
[Site "Chess.com INT"]
[Date "2023.09.12"]
[Round "8"]
[White "Zierk, Steven C"]
[Black "Boyer, Mahel"]
[Result "0-1"]
[WhiteElo "2488"]
[BlackElo "2471"]
[PlyCount "48"]
[EventDate "2023.09.12"]
[EventType "swiss (blitz)"]
[EventRounds "11"]
[EventCountry "USA"]
[SourceTitle "EXT 2024"]
[Source "ChessBase"]
[SourceDate "2023.10.10"]
[SourceVersion "1"]
[SourceVersionDate "2023.10.10"]
[SourceQuality "1"]

1. e4 Nc6 2. d4 d5 3. Nc3 dxe4 4. d5 Nb8 5. Nxe4 c6 6. c4 e6 7. Nf3 exd5 8. cxd5 cxd5 9. Nc3 Nf6 10. Bg5 Bb4 11. Bd3 0-0 12. 0-0 Be6 13. Nd4 Nc6 14. Nxe6 fxe6 15. Re1 e5 16. Re3 e4 17. Bc2 d4 18. Bxf6 Rxf6 19. Rxe4 dxc3 20. Qh5 g6 21. Qb5 Qb6 22. Qc4+ Kh8 23. Rf1 Raf8 24. Kh1 Rxf2 0-1

[Event "Titled Tuesday intern op 12th Sep Late"]
[Site "Chess.com INT"]
[Date "2023.09.12"]
[Round "3"]
[White "Zierk, Steven C"]
[Black "Di Nicolantonio, Lucas"]
[Result "1-0"]
[WhiteElo "2488"]
[BlackElo "2388"]
[PlyCount "67"]
[EventDate "2023.09.12"]
[EventType "swiss (blitz)"]
[EventRounds "11"]
[EventCountry "USA"]
[SourceTitle "EXT 2024"]
[Source "ChessBase"]
[SourceDate "2023.10.10"]
[SourceVersion "1"]
[SourceVersionDate "2023.10.10"]
[SourceQuality "1"]

1. e4 c6 2. d4 d5 3. exd5 cxd5 4. Bd3 Nf6 5. c3 Bg4 6. Qb3 Qc7 7. Ne2 Bxe2 8. Bxe2 e6 9. Nd2 Nc6 10. Nf3 Bd6 11. 0-0 0-0 12. Bg5 Ne4 13. Bh4 f5 14. Bd3 Kh8 15. Rae1 h6 16. Bg3 f4 17. Bh4 g5 18. Bxe4 dxe4 19. Rxe4 gxh4 20. Rxe6 Be7 21. d5 Nd8 22. d6 Bxd6 23. Rxh6+ Kg7 24. Rxh4 Rf6 25. Ng5 Nf7 26. Ne6+ Rxe6 27. Qxe6 Rh8 28. Rg4+ Kf8 29. Re1 Qc6 30. Rg6 f3 31. g3 Rh5 32. Qg4 Rh8 33. Qd4 Bc5 34. Qg7# 1-0

[Event "Titled Tuesday intern op 12th Sep Late"]
[Site "Chess.com INT"]
[Date "2023.09.12"]
[Round "6"]
[White "Zierk, Steven C"]
[Black "Djokic, Mihailo"]
[Result "1-0"]
[WhiteElo "2488"]
[BlackElo "2148"]
[PlyCount "73"]
[EventDate "2023.09.12"]
[EventType "swiss (blitz)"]
[EventRounds "11"]
[EventCountry "USA"]
[SourceTitle "EXT 2024"]
[Source "ChessBase"]
[SourceDate "2023.10.10"]
[SourceVersion "1"]
[SourceVersionDate "2023.10.10"]
[SourceQuality "1"]

1. e4 c5 2. Nf3 d6 3. d4 cxd4 4. Nxd4 Nf6 5. f3 e5 6. Nb3 d5 7. Bg5 d4 8. c3 Nc6 9. Bb5 dxc3 10. Qxd8+ Kxd8 11. Nxc3 Bd7 12. 0-0-0 Ke8 13. Bxf6 gxf6 14. Nd5 Rc8 15. Nxf6+ Ke7 16. Nxd7 Nd4+ 17. Kb1 Nxb5 18. Nxf8 Rhxf8 19. Rd5 a6 20. Rxe5+ Kf6 21. Rd5 Rfd8 22. Rhd1 Rxd5 23. Rxd5 b6 24. a4 Nc7 25. Rd6+ Ne6 26. Rxb6 Ke5 27. Rxa6 Kf4 28. Ra5 Ke3 29. Rf5 Rc7 30. a5 Kf2 31. g4 Kg2 32. h4 Kg3 33. h5 Nf4 34. Nd4 Rd7 35. Nc6 Rd1+ 36. Ka2 Kxf3 37. a6 1-0

[Event "Titled Tuesday intern op 12th Sep Early"]
[Site "Chess.com INT"]
[Date "2023.09.12"]
[Round "10"]
[White "Zierk, Steven C"]
[Black "Mendez Fortes, Eduardo Jesus"]
[Result "1-0"]
[WhiteElo "2488"]
[BlackElo "2231"]
[PlyCount "123"]
[EventDate "2023.09.12"]
[EventType "swiss (blitz)"]
[EventRounds "11"]
[EventCountry "USA"]
[SourceTitle "EXT 2024"]
[Source "ChessBase"]
[SourceDate "2023.10.10"]
[SourceVersion "1"]
[SourceVersionDate "2023.10.10"]
[SourceQuality "1"]

1. e4 c5 2. Nf3 d6 3. d4 cxd4 4. Nxd4 Nf6 5. Nc3 a6 6. h3 e5 7. Nde2 h5 8. Bg5 Be6 9. g3 Be7 10. Bg2 Nc6 11. Qd2 Rc8 12. 0-0 Qc7 13. Rfd1 b5 14. a3 Na5 15. b3 Nb7 16. b4 Nd8 17. Rac1 Bc4 18. Bxf6 Bxf6 19. Qxd6 Qxd6 20. Rxd6 Nc6 21. h4 Ke7 22. Rdd1 Nd4 23. Nxd4 exd4 24. Nd5+ Bxd5 25. exd5 Rc3 26. Rd3 Rhc8 27. Re1+ Kd6 28. Bf3 g6 29. Be4 R8c7 30. Kg2 Bg7 31. Rxc3 Rxc3 32. Ra1 f5 33. Bd3 Kxd5 34. a4 Rc7 35. axb5 axb5 36. Ra5 Rb7 37. Ra6 Bf8 38. Rxg6 Bxb4 39. Bxf5 Kc4 40. Rc6+ Bc5 41. Bd3+ Kd5 42. Rh6 b4 43. Rxh5+ Kd6 44. Rh6+ Kd5 45. Rh5+ Kd6 46. Bc4 Re7 47. Rd5+ Kc6 48. h5 Rg7 49. h6 Rh7 50. Rh5 Bf8 51. g4 Rxh6 52. Rxh6+ Bxh6 53. Kg3 Kc5 54. Bd3 Kd5 55. f4 Bf8 56. g5 Ke6 57. Kg4 Bd6 58. Bc4+ Ke7 59. f5 Kf8 60. f6 Be5 61. Kf5 Bd6 62. g6 1-0

[Event "Titled Tuesday intern op 05th Sep Early"]
[Site "Chess.com INT"]
[Date "2023.09.05"]
[Round "1"]
[White "Guliev, Logman"]
[Black "Zierk, Steven C"]
[Result "0-1"]
[WhiteElo "2262"]
[BlackElo "2488"]
[PlyCount "26"]
[EventDate "2023.09.05"]
[EventType "swiss (blitz)"]
[EventRounds "11"]
[EventCountry "USA"]
[SourceTitle "EXT 2024"]
[Source "ChessBase"]
[SourceDate "2023.10.10"]
[SourceVersion "1"]
[SourceVersionDate "2023.10.10"]
[SourceQuality "1"]

1. e4 e6 2. d4 d5 3. Nd2 c5 4. exd5 Qxd5 5. Ngf3 cxd4 6. Bc4 Qd7 7. 0-0 Nc6 8. Nb3 Nf6 9. Nbxd4 Nxd4 10. Nxd4 a6 11. c3 Bd6 12. Bg5 Qc7 13. h3 Qxc4 0-1

[Event "Titled Tuesday intern op 05th Sep Early"]
[Site "Chess.com INT"]
[Date "2023.09.05"]
[Round "7"]
[White "Korobov, Anton"]
[Black "Zierk, Steven C"]
[Result "1-0"]
[WhiteElo "2652"]
[BlackElo "2488"]
[PlyCount "87"]
[EventDate "2023.09.05"]
[EventType "swiss (blitz)"]
[EventRounds "11"]
[EventCountry "USA"]
[SourceTitle "EXT 2024"]
[Source "ChessBase"]
[SourceDate "2023.10.10"]
[SourceVersion "1"]
[SourceVersionDate "2023.10.10"]
[SourceQuality "1"]

1. d4 d5 2. c4 dxc4 3. e4 Nf6 4. e5 Nd5 5. Bxc4 Nc6 6. Ne2 Bf5 7. 0-0 e6 8. Nbc3 Nb6 9. Bb3 Qd7 10. Be3 0-0-0 11. Rc1 Kb8 12. Bc2 Bxc2 13. Qxc2 f6 14. Rfd1 Nb4 15. Qb3 N4d5 16. Ne4 f5 17. Nc5 Qc8 18. a4 Nxe3 19. fxe3 Bxc5 20. Rxc5 Nd5 21. Rdc1 Qd7 22. Nc3 Nxe3 23. Nb5 Nd5 24. Nxc7 Nxc7 25. Rxc7 Qxd4+ 26. Kh1 Qd5 27. Qxd5 Rxd5 28. Rxg7 Rc8 29. Rxc8+ Kxc8 30. h4 Rd7 31. Rg8+ Rd8 32. Rxd8+ Kxd8 33. Kh2 Kc7 34. Kg3 Kc6 35. Kf4 Kd5 36. a5 b5 37. b4 a6 38. g3 Kd4 39. Kg5 Kxe5 40. Kh6 Kf6 41. Kxh7 e5 42. h5 Kf7 43. h6 e4 44. g4 1-0